00642nam a2200205 a 4500001001000000005001700010008004100027041000800068044000700076050002700083245004400110250000600154260003900160300001700199500009400216500002600310500000900336600003200345651005900377BRCA_482120190320204824.0140909c1922----mx-#---###---#000-0#spa-# aspa amx 4aF1233.D5b.M46 2c192210aMemorias de Porfirio Díazb1830-1867. a2 aMéxicobEl Libro Francésc1922 a2 v.c19 cm. aEl volumen 2 incluye fe de erratas, apéndice del editor y un retrato de Porfirio Díaz aEjemplar igual a B350 aD15214aDíaz, Porfiriod1830-1915 4aMéxicoxHistoriayIntervención francesa, 1861-1867